000 00419nam a2200181Ia 4500
001 4260
005 20260306145742.0
008 260306t2000||||xx |||||||||||||| ||spa||
041 _aESP
082 _a320.1
_bH11
100 _aHabermas, Jurgen
_eAUT
245 0 _aPerfiles filosófico-políticos
260 _c2000
300 _a424 páginas :
_ccm.
650 _aGEN
654 _aCDE
942 _cLIB
_dJUS
_fJUS
_2ddc
_n
999 _c4260
_d4260